<?xml version="1.0" encoding="UTF-8"?>
<record
    xmlns:xsi="http://www.w3.org/2001/XMLSchema-instance"
    xsi:schemaLocation="http://www.loc.gov/MARC21/slim http://www.loc.gov/standards/marcxml/schema/MARC21slim.xsd"
    xmlns="http://www.loc.gov/MARC21/slim">

  <leader>01545cam a2200469   4500</leader>
  <datafield tag="999" ind1=" " ind2=" ">
    <subfield code="c">23215</subfield>
    <subfield code="d">23215</subfield>
  </datafield>
  <controlfield tag="001">vtls011788878</controlfield>
  <controlfield tag="005">20220427111632.0</controlfield>
  <controlfield tag="008">200205s2018    xo     grhe   000 0dslo  </controlfield>
  <datafield tag="020" ind1=" " ind2=" ">
    <subfield code="a">9788097220327</subfield>
    <subfield code="q">(viazan&#xE9;)</subfield>
  </datafield>
  <datafield tag="035" ind1=" " ind2=" ">
    <subfield code="a">urn:nbn:sk:snk-am00d8zo</subfield>
  </datafield>
  <datafield tag="035" ind1=" " ind2=" ">
    <subfield code="a">urn:nbn:sk:snk-am3htpx</subfield>
  </datafield>
  <datafield tag="035" ind1=" " ind2=" ">
    <subfield code="a">25249851-2CEB-4FE2-B261-8976455908B8</subfield>
  </datafield>
  <datafield tag="040" ind1=" " ind2=" ">
    <subfield code="a">ZKSE</subfield>
    <subfield code="b">slo</subfield>
    <subfield code="c">ZKSE</subfield>
    <subfield code="d">SNK</subfield>
    <subfield code="e">rda</subfield>
  </datafield>
  <datafield tag="041" ind1="0" ind2=" ">
    <subfield code="a">slo</subfield>
  </datafield>
  <datafield tag="044" ind1=" " ind2=" ">
    <subfield code="a">xo</subfield>
    <subfield code="c">SK</subfield>
  </datafield>
  <datafield tag="072" ind1=" " ind2="7">
    <subfield code="a">793.3</subfield>
    <subfield code="x">Pohybov&#xE9; umenie. Tanecc</subfield>
    <subfield code="2">konspekt</subfield>
  </datafield>
  <datafield tag="072" ind1=" " ind2="7">
    <subfield code="a">929</subfield>
    <subfield code="x">Biografie</subfield>
    <subfield code="2">konspekt</subfield>
  </datafield>
  <datafield tag="080" ind1=" " ind2=" ">
    <subfield code="a">793.3</subfield>
    <subfield code="2">2011</subfield>
  </datafield>
  <datafield tag="080" ind1=" " ind2=" ">
    <subfield code="a">(031)</subfield>
    <subfield code="2">2011</subfield>
  </datafield>
  <datafield tag="080" ind1=" " ind2=" ">
    <subfield code="a">793.3(091)</subfield>
    <subfield code="2">2011</subfield>
  </datafield>
  <datafield tag="080" ind1=" " ind2=" ">
    <subfield code="a">793.3:796.034.6</subfield>
    <subfield code="2">2011</subfield>
  </datafield>
  <datafield tag="100" ind1="1" ind2=" ">
    <subfield code="a">Bartko, Emil Tom&#xE1;&#x161;,</subfield>
    <subfield code="d">1945-</subfield>
    <subfield code="4">aut</subfield>
    <subfield code="9">2927</subfield>
  </datafield>
  <datafield tag="245" ind1="1" ind2=" ">
    <subfield code="a">Stru&#x10D;n&#xE1; encyklop&#xE9;dia tane&#x10D;n&#xE9;ho umenia</subfield>
    <subfield code="c">Emil T. Bartko</subfield>
  </datafield>
  <datafield tag="264" ind1=" " ind2="1">
    <subfield code="a">Bratislava</subfield>
    <subfield code="b">Verbunk</subfield>
    <subfield code="b">Vysok&#xE1; &#x161;kola m&#xFA;zick&#xFD;ch umen&#xED;</subfield>
    <subfield code="c">2018</subfield>
  </datafield>
  <datafield tag="300" ind1=" " ind2=" ">
    <subfield code="a">637 str&#xE1;n</subfield>
    <subfield code="c">24 cm</subfield>
  </datafield>
  <datafield tag="336" ind1=" " ind2=" ">
    <subfield code="a">text</subfield>
    <subfield code="b">txt</subfield>
    <subfield code="2">rdacontent</subfield>
  </datafield>
  <datafield tag="337" ind1=" " ind2=" ">
    <subfield code="a">bez m&#xE9;dia</subfield>
    <subfield code="b">n</subfield>
    <subfield code="2">rdamedia</subfield>
  </datafield>
  <datafield tag="338" ind1=" " ind2=" ">
    <subfield code="a">zv&#xE4;zok</subfield>
    <subfield code="b">nc</subfield>
    <subfield code="2">rdacarrier</subfield>
  </datafield>
  <datafield tag="650" ind1="0" ind2="7">
    <subfield code="a">tanec</subfield>
    <subfield code="2">SNKPH</subfield>
    <subfield code="9">2928</subfield>
  </datafield>
  <datafield tag="650" ind1="0" ind2="7">
    <subfield code="a">tane&#x10D;n&#xED;ci</subfield>
    <subfield code="2">SNKPH</subfield>
    <subfield code="9">2929</subfield>
  </datafield>
  <datafield tag="650" ind1="0" ind2="7">
    <subfield code="a">dejiny tanca</subfield>
    <subfield code="2">SNKPH</subfield>
    <subfield code="9">2930</subfield>
  </datafield>
  <datafield tag="650" ind1="0" ind2="7">
    <subfield code="a">Dance</subfield>
    <subfield code="2">SNKPHeng</subfield>
    <subfield code="9">2931</subfield>
  </datafield>
  <datafield tag="650" ind1="0" ind2="7">
    <subfield code="a">Dancers</subfield>
    <subfield code="2">SNKPHeng</subfield>
    <subfield code="9">2932</subfield>
  </datafield>
  <datafield tag="650" ind1="0" ind2="7">
    <subfield code="a">History of dance</subfield>
    <subfield code="2">SNKPHeng</subfield>
    <subfield code="9">2933</subfield>
  </datafield>
  <datafield tag="650" ind1="0" ind2="7">
    <subfield code="a">tane&#x10D;n&#xFD; &#x161;port</subfield>
    <subfield code="2">SNKPH</subfield>
    <subfield code="9">2934</subfield>
  </datafield>
  <datafield tag="650" ind1="0" ind2="7">
    <subfield code="a">Dance sport</subfield>
    <subfield code="2">SNKPHeng</subfield>
    <subfield code="9">2935</subfield>
  </datafield>
  <datafield tag="650" ind1="0" ind2="7">
    <subfield code="a">pohybov&#xE9; umenie</subfield>
    <subfield code="2">SNKPH</subfield>
    <subfield code="9">2936</subfield>
  </datafield>
  <datafield tag="650" ind1="0" ind2="7">
    <subfield code="a">Movement art</subfield>
    <subfield code="2">SNKPHeng</subfield>
    <subfield code="9">2937</subfield>
  </datafield>
  <datafield tag="655" ind1=" " ind2="7">
    <subfield code="a">encyklop&#xE9;die</subfield>
    <subfield code="2">SNKPHeng</subfield>
    <subfield code="9">1494</subfield>
  </datafield>
  <datafield tag="655" ind1=" " ind2="7">
    <subfield code="a">Encyclopedias</subfield>
    <subfield code="2">SNKPHeng</subfield>
    <subfield code="9">1495</subfield>
  </datafield>
  <datafield tag="958" ind1=" " ind2=" ">
    <subfield code="a">BC</subfield>
  </datafield>
  <datafield tag="952" ind1=" " ind2=" ">
    <subfield code="0">0</subfield>
    <subfield code="1">0</subfield>
    <subfield code="2">udc</subfield>
    <subfield code="4">0</subfield>
    <subfield code="7">0</subfield>
    <subfield code="8">K</subfield>
    <subfield code="a">10000</subfield>
    <subfield code="b">10000</subfield>
    <subfield code="d">2019-11-29</subfield>
    <subfield code="g">17.00</subfield>
    <subfield code="i">21168</subfield>
    <subfield code="o">I1831</subfield>
    <subfield code="p">I1831</subfield>
    <subfield code="r">2022-04-27</subfield>
    <subfield code="w">2022-04-27</subfield>
    <subfield code="y">OLDO</subfield>
  </datafield>
</record>
